[Event "Mechanics' Irving Chernev TNM; 30/90, SD"]
[Site "San Francisco"]
[Date "2008.08.05"]
[Round "1.1"]
[White "Pearson, Michael"]
[Black "Sherwood, Peter"]
[Result "1-0"]
[WhiteElo "2276"]
[BlackElo "1743"]
[PlyCount "71"]
[EventDate "2008.??.??"]

1. d4 d5 2. c4 dxc4 3. Nf3 Nf6 4. e3 e6 5. Bxc4 c5 6. O-O Nc6 7. Qe2 cxd4 8.
Rd1 Bc5 9. exd4 Be7 10. Nc3 O-O 11. d5 exd5 12. Nxd5 Nxd5 13. Bxd5 Qc7 14. Qe4
Bd6 15. Ng5 g6 16. Qh4 h5 17. Ne4 Be5 18. Bh6 Bg7 19. Nf6+ Kh8 20. Bxg7+ Kxg7
21. Nxh5+ gxh5 22. Qg5+ Kh8 23. Qxh5+ Kg7 24. Qg5+ Kh7 25. Rd3 Ne5 26. Be4+ Ng6
27. Qf6 Bd7 28. Rad1 Rad8 29. Rd4 Bf5 30. Bxf5 Rxd4 31. Qxd4 b6 32. Qf6 Rg8 33.
h4 Kh6 34. Qg5+ Kg7 35. h5 Kh8 36. Qh6# 1-0

[Event "Mechanics' Irving Chernev TNM; 30/90, SD"]
[Site "San Francisco"]
[Date "2008.08.05"]
[Round "1.2"]
[White "Litowsky, Daniel"]
[Black "Lee, Andy"]
[Result "0-1"]
[WhiteElo "1719"]
[BlackElo "2264"]
[PlyCount "50"]
[EventDate "2008.??.??"]

1. e4 e6 2. d4 d5 3. Nc3 Bb4 4. Bd3 dxe4 5. Bxe4 Nf6 6. Bf3 Nc6 7. Nge2 e5 8.
O-O Nxd4 9. Nxd4 exd4 10. Ne2 Bc5 11. c3 dxc3 12. Qxd8+ Kxd8 13. Nxc3 c6 14.
Bg5 h6 15. Rad1+ Ke7 16. Rfe1+ Be6 17. Bxf6+ gxf6 18. a3 Rad8 19. Ne4 Bd4 20.
b4 f5 21. Ng3 Bc3 22. Re3 Rxd1+ 23. Bxd1 Rd8 24. Rxc3 Rxd1+ 25. Nf1 b5 0-1

[Event "Mechanics' Irving Chernev TNM; 30/90, SD"]
[Site "San Francisco"]
[Date "2008.08.05"]
[Round "1.3"]
[White "Thornally, Frank"]
[Black "Chan, John"]
[Result "1-0"]
[WhiteElo "2224"]
[BlackElo "1696"]
[PlyCount "77"]
[EventDate "2008.??.??"]

1. d4 Nf6 2. Nf3 d6 3. g3 b6 4. Bg2 Bb7 5. O-O e6 6. c4 Be7 7. Nc3 O-O 8. Qc2
g6 9. e4 Nfd7 10. Bh6 Re8 11. Rad1 Bf8 12. Be3 Bg7 13. Rfe1 a6 14. b4 Qc8 15.
Qb3 Nc6 16. Bh3 Ne7 17. d5 Nf8 18. c5 Qd8 19. dxe6 f6 20. cxd6 cxd6 21. Bf4 Qc8
22. Rc1 f5 23. Bxd6 Qxe6 24. Qxe6+ Nxe6 25. Bxe7 Rxe7 26. Nd5 Rf7 27. Nxb6 Re8
28. exf5 Bxf3 29. Rxe6 Rd8 30. fxg6 hxg6 31. Bg2 Bh5 32. Nd5 Bd4 33. Rf1 Kh8
34. h3 Bf3 35. Nf4 g5 36. Rh6+ Kg7 37. Rg6+ Kh7 38. Rxg5 Bf6 39. Rf5 1-0

[Event "Mechanics' Irving Chernev TNM; 30/90, SD"]
[Site "San Francisco"]
[Date "2008.08.05"]
[Round "1.4"]
[White "Brooks, Matthew"]
[Black "Gray, William"]
[Result "0-1"]
[WhiteElo "1682"]
[BlackElo "2043"]
[PlyCount "62"]
[EventDate "2008.??.??"]

1. e4 c5 2. Nf3 d6 3. d4 cxd4 4. Nxd4 Nf6 5. Nc3 e6 6. Be2 Be7 7. O-O O-O 8.
Be3 Nc6 9. f4 a6 10. Nf3 Ng4 11. Bf2 Qc7 12. Nd4 Nxf2 13. Rxf2 Nxd4 14. Qxd4 d5
15. b4 dxe4 16. Nxe4 f5 17. Bd3 fxe4 18. Qxe4 g6 19. Re1 Qc6 20. a3 Bf6 21. Rf3
Bd7 22. Ree3 Qxe4 23. Rxe4 Bc6 24. Rxe6 Bxf3 25. gxf3 Kg7 26. Kg2 Bb2 27. a4
Rxf4 28. Re7+ Rf7 29. Re4 Raf8 30. Be2 Rf4 31. Re7+ R8f7 0-1

[Event "Mechanics' Irving Chernev TNM; 30/90, SD"]
[Site "San Francisco"]
[Date "2008.08.05"]
[Round "1.5"]
[White "Snyder, Larry"]
[Black "Livschitz, Jennifer"]
[Result "1-0"]
[WhiteElo "2037"]
[BlackElo "1645"]
[PlyCount "99"]
[EventDate "2008.??.??"]

1. e4 e5 2. Nf3 Nc6 3. d4 exd4 4. Nxd4 Bc5 5. Nb3 Bb6 6. a4 a5 7. Nc3 Nge7 8.
Bb5 O-O 9. O-O d6 10. Kh1 Be6 11. Nd5 Ba7 12. Bg5 f6 13. Bh4 Ng6 14. Bg3 Nce5
15. Be2 c6 16. Nc3 Qe7 17. Nd4 Bxd4 18. Qxd4 Rfd8 19. f4 c5 20. Qg1 Nc6 21. f5
Nge5 22. fxe6 Qxe6 23. Nd5 Rac8 24. c3 Kh8 25. Rad1 Ng6 26. Bd3 Nce5 27. Bc2
Ne7 28. Qe3 Nc4 29. Qc1 Re8 30. b3 Ne5 31. Qd2 Nxd5 32. exd5 Qf7 33. c4 Rcd8
34. Rde1 Ng4 35. Rxe8+ Qxe8 36. Re1 Qh5 37. Qxa5 Rg8 38. Qc7 Qg5 39. Qe7 Qd2
40. Qe2 Qxe2 41. Rxe2 Ne5 42. Bf5 Rf8 43. Kg1 g6 44. Be6 Kg7 45. Kf2 h5 46. Ke3
g5 47. Rf2 Re8 48. Bxe5 fxe5 49. Rf7+ Kg6 50. Rxb7 1-0

[Event "Mechanics' Irving Chernev TNM; 30/90, SD"]
[Site "San Francisco"]
[Date "2008.08.05"]
[Round "1.6"]
[White "Dupree, Chuck"]
[Black "Gaffagan, Steven"]
[Result "0-1"]
[WhiteElo "1630"]
[BlackElo "2022"]
[PlyCount "70"]
[EventDate "2008.??.??"]

1. e4 Nf6 2. Nc3 d6 3. f4 g6 4. Nf3 Bg7 5. d3 c5 6. Be3 Nc6 7. h3 a6 8. a4 O-O
9. g4 Qa5 10. Bd2 Qb6 11. g5 Nh5 12. Nd5 Qd8 13. Nc3 e6 14. Be2 f5 15. Nh4 Ng3
16. Rg1 Nxe2 17. Qxe2 Nd4 18. Qd1 Bd7 19. Nf3 Bc6 20. Rg3 b6 21. h4 b5 22. h5
b4 23. Nxd4 cxd4 24. Ne2 fxe4 25. dxe4 Bxe4 26. Bxb4 Qb6 27. Rb3 e5 28. Ba3 Qc7
29. Rc1 exf4 30. Nxd4 Qa5+ 31. Kf1 Qxg5 32. Nf3 Qxh5 33. c4 Qh3+ 34. Kg1 Rf5
35. Qe2 Bxf3 0-1

[Event "Mechanics' Irving Chernev TNM; 30/90, SD"]
[Site "San Francisco"]
[Date "2008.08.05"]
[Round "1.7"]
[White "Grey, Peter"]
[Black "Oca, Homer"]
[Result "0-1"]
[WhiteElo "2000"]
[BlackElo "1616"]
[PlyCount "88"]
[EventDate "2008.??.??"]

1. e4 a6 2. d4 h6 3. Nf3 d6 4. Bc4 e6 5. O-O b5 6. Bb3 Nd7 7. a4 Bb7 8. Re1 g5
9. Nc3 b4 10. Na2 a5 11. c3 c5 12. dxc5 dxc5 13. cxb4 axb4 14. Bd5 Qc7 15. Bxb7
Qxb7 16. b3 Bg7 17. Rb1 Ne7 18. Bb2 O-O 19. Bxg7 Kxg7 20. Nc1 Ng6 21. Nd3 e5
22. Rc1 Rfd8 23. Qc2 Rac8 24. Nd2 Nb8 25. Nf3 Qe7 26. Red1 g4 27. Nfe1 Nd7 28.
Nb2 Nf6 29. Rxd8 Qxd8 30. Rd1 Qe7 31. Nc4 Nf4 32. Nd6 Qe6 33. Nxc8 Qxc8 34. Nd3
Ne6 35. Nxe5 Qc7 36. Nc4 Nd4 37. Qd3 Qf4 38. Qe3 Qxe4 39. Qxe4 Nxe4 40. a5 Nc3
41. a6 Ncb5 42. Ra1 Na7 43. Na5 Kf6 44. Rc1 Ne2+ 0-1

[Event "Mechanics' Irving Chernev TNM; 30/90, SD"]
[Site "San Francisco"]
[Date "2008.08.05"]
[Round "1.9"]
[White "Argishti, Dante"]
[Black "Macintyre, Brendan"]
[Result "1-0"]
[WhiteElo "1996"]
[BlackElo "1606"]
[PlyCount "77"]
[EventDate "2008.??.??"]

1. d4 d5 2. c4 e6 3. Nf3 Nf6 4. Bg5 Be7 5. Nc3 c5 6. dxc5 dxc4 7. Qa4+ Nfd7 8.
h4 O-O 9. O-O-O h6 10. Ne4 Qe8 11. Qxc4 b5 12. Qc2 Bb7 13. e3 Nxc5 14. Nxc5
Bxc5 15. Qxc5 Na6 16. Qxb5 Rc8+ 17. Kb1 Qxb5 18. Bxb5 hxg5 19. Bxa6 Bxa6 20.
hxg5 Be2 21. Rd2 Bxf3 22. gxf3 Rfd8 23. Rhd1 Rxd2 24. Rxd2 Rc7 25. b4 Kh7 26.
Kb2 Kg6 27. f4 f6 28. gxf6 gxf6 29. a4 Rc6 30. Kb3 a6 31. b5 axb5 32. axb5 Rb6
33. Kc4 e5 34. fxe5 fxe5 35. Rd8 Rb7 36. Rd6+ Kf7 37. b6 Ke7 38. Rh6 Rb8 39.
Kd5 1-0

[Event "Mechanics' Irving Chernev TNM; 30/90, SD"]
[Site "San Francisco"]
[Date "2008.08.05"]
[Round "1.10"]
[White "Bertot, German"]
[Black "Livschitz, Louiza"]
[Result "0-1"]
[WhiteElo "1580"]
[BlackElo "1992"]
[PlyCount "68"]
[EventDate "2008.??.??"]

1. d4 Nf6 2. c4 g6 3. Nc3 Bg7 4. e4 d6 5. Be3 O-O 6. f3 e5 7. d5 Ne8 8. Bd3 Nd7
9. Qd2 Nc5 10. Bc2 a5 11. Nge2 f5 12. Bh6 Qh4+ 13. g3 Qxh6 14. f4 exf4 15. gxf4
Qh4+ 16. Kd1 fxe4 17. Nxe4 Nxe4 18. Bxe4 Bg4 19. Bd3 Nf6 20. Kc2 Bxe2 21. Bxe2
Ne4 22. Qe3 Rae8 23. Raf1 Qf6 24. Qc1 Ng3 25. hxg3 Rxe2+ 26. Kd1 Rxb2 27. Qe3
Qd4+ 28. Qxd4 Bxd4 29. a4 Ra2 30. Re1 Bc3 31. Ref1 Re8 32. g4 Ree2 33. f5 Red2+
34. Kc1 Ra1# 0-1

[Event "Mechanics' Irving Chernev TNM; 30/90, SD"]
[Site "San Francisco"]
[Date "2008.08.05"]
[Round "1.11"]
[White "Sandberg, Evan"]
[Black "Allen, Tom"]
[Result "1-0"]
[WhiteElo "1954"]
[BlackElo "1529"]
[PlyCount "27"]
[EventDate "2008.??.??"]

1. e4 e5 2. Nf3 Nc6 3. Bb5 f5 4. d3 fxe4 5. dxe4 Nf6 6. O-O d6 7. Qe2 Bd7 8.
Rd1 Qe7 9. Nc3 a6 10. Ba4 b5 11. Bb3 b4 12. Nd5 Nxd5 13. Bxd5 Rb8 14. Bg5 1-0

[Event "Mechanics' Irving Chernev TNM; 30/90, SD"]
[Site "San Francisco"]
[Date "2008.08.05"]
[Round "1.12"]
[White "Mar, Henry"]
[Black "Krasnov, Steven"]
[Result "0-1"]
[WhiteElo "1500"]
[BlackElo "1950"]
[PlyCount "116"]
[EventDate "2008.??.??"]

1. e4 e6 2. d4 d5 3. Nc3 dxe4 4. Nxe4 Nd7 5. Nf3 Ngf6 6. Nxf6+ Nxf6 7. Bg5 Be7
8. Be2 O-O 9. O-O b6 10. Ne5 Bb7 11. Bf3 Ne4 12. Bxe7 Qxe7 13. Re1 f5 14. Qe2
Rad8 15. c3 c5 16. Rad1 cxd4 17. cxd4 Rf6 18. Bxe4 fxe4 19. Ng4 Rg6 20. Ne5 Rh6
21. Ng4 Rg6 22. Ne5 Rf6 23. Ng4 Rff8 24. Qe3 Rc8 25. Rc1 Qb4 26. Rxc8 Rxc8 27.
Rc1 Rd8 28. Qg5 Rf8 29. h3 Qxd4 30. Rc7 Qd1+ 31. Kh2 Qd6+ 32. Qe5 Qxe5+ 33.
Nxe5 Bd5 34. Kg1 Ra8 35. a3 a5 36. Kf1 b5 37. Nc6 Kf8 38. Ke1 h6 39. Ne5 b4 40.
Nd7+ Kg8 41. Rc5 Ra6 42. Ne5 Kh7 43. Nc4 bxa3 44. bxa3 a4 45. Ne3 Bb3 46. Kd2
Rd6+ 47. Ke1 Rd4 48. Ra5 Kg6 49. Rc5 Kf7 50. Nc2 Rd5 51. Rxd5 exd5 52. Nd4 Bc4
53. g3 Kf6 54. Kd2 Ke5 55. Ke3 g5 56. h4 Ba6 57. hxg5 hxg5 58. Nc6+ Kd6 0-1

[Event "Mechanics' Irving Chernev TNM; 30/90, SD"]
[Site "San Francisco"]
[Date "2008.08.05"]
[Round "1.13"]
[White "Afkham-Ebrahimi, Payam"]
[Black "Smith, Andrew"]
[Result "0-1"]
[WhiteElo "1929"]
[BlackElo "1427"]
[PlyCount "66"]
[EventDate "2008.??.??"]

1. f4 Nf6 2. g3 d5 3. Bg2 Nc6 4. Nf3 e6 5. O-O Bd6 6. d3 Qe7 7. d4 Bd7 8. Ne5
Bc8 9. e3 O-O 10. c4 Nd8 11. c5 Bxe5 12. fxe5 Nd7 13. e4 c6 14. Qg4 f6 15. exd5
exd5 16. Qh4 Nxe5 17. dxe5 Qxe5 18. Nc3 Ne6 19. Kh1 Nxc5 20. Bf4 Qe6 21. Rae1
Qd7 22. Qh5 Nd3 23. Nxd5 Nxe1 24. Rxe1 cxd5 25. Bxd5+ Kh8 26. Be4 Qh3 27. Qc5
Re8 28. Rc1 Bg4 29. Bg2 Qh5 30. Qxh5 Bxh5 31. Bc7 Re2 32. Bxb7 Rae8 33. a4 Re1+
0-1

[Event "Mechanics' Irving Chernev TNM; 30/90, SD"]
[Site "San Francisco"]
[Date "2008.08.05"]
[Round "1.14"]
[White "Morgan, Jerry"]
[Black "Manvelyan, Hayk"]
[Result "1/2-1/2"]
[WhiteElo "1425"]
[BlackElo "1874"]
[PlyCount "95"]
[EventDate "2008.??.??"]

1. f4 d5 2. Nf3 c5 3. e3 Nc6 4. Bb5 Qc7 5. b3 a6 6. Bxc6+ Qxc6 7. Bb2 f6 8. O-O
Bd7 9. d3 O-O-O 10. Qe1 e6 11. e4 Bd6 12. e5 Bb8 13. Nbd2 f5 14. c4 d4 15. b4
b6 16. Nb3 Ba7 17. bxc5 bxc5 18. Qa5 Nh6 19. h3 Kb8 20. Ba3 Rc8 21. Rab1 Ka8
22. Rb2 Nf7 23. Rfb1 Qa4 24. Kf2 Qxa5 25. Nxa5 Rb8 26. Nb7 Rhc8 27. g4 fxg4 28.
hxg4 Rc7 29. Nd6 Rxb2+ 30. Rxb2 Nxd6 31. exd6 Rc6 32. Ne5 Rxd6 33. Re2 Be8 34.
Rb2 Rb6 35. Rb3 Rxb3 36. axb3 a5 37. Kf3 Kb7 38. Ke4 Kc7 39. Bc1 Kd6 40. Bd2
Bb6 41. Kf3 Bd8 42. Ke4 h6 43. f5 exf5+ 44. Kxf5 Bf6 45. Bf4 Ke7 46. Ng6+ Kf7
47. Ne5+ Ke7 48. Ng6+ 1/2-1/2

[Event "Mechanics' Irving Chernev TNM; 30/90, SD"]
[Site "San Francisco"]
[Date "2008.08.05"]
[Round "1.15"]
[White "Manvelyan, Hovik"]
[Black "Reyes, Edsel Delos"]
[Result "1-0"]
[WhiteElo "1869"]
[BlackElo "1360"]
[PlyCount "93"]
[EventDate "2008.??.??"]

1. e4 c5 2. Nc3 d6 3. g3 Nf6 4. d3 e6 5. f4 Nc6 6. Nf3 Be7 7. Bg2 O-O 8. O-O a6
9. b3 Qc7 10. Bb2 Bd7 11. Nh4 Ne8 12. Kh1 Bxh4 13. gxh4 Qd8 14. h5 h6 15. Ne2
Ne7 16. Rg1 f6 17. Qd2 Nc6 18. Bh3 e5 19. Bxd7 Qxd7 20. f5 Qf7 21. Qxh6 d5 22.
Nc3 dxe4 23. Nxe4 b6 24. Rg4 Ne7 25. Ng3 Nd5 26. Qd2 Nf4 27. h6 Qd5+ 28. Ne4
Ra7 29. Rag1 Rff7 30. Qe1 Nd6 31. Bc1 Nxf5 32. Bxf4 exf4 33. hxg7 Nxg7 34. R1g2
Kf8 35. Rxf4 Rae7 36. Qh4 Qh5 37. Qxh5 Nxh5 38. Rh4 Rh7 39. Rf2 Ref7 40. Kg1
Rhg7+ 41. Kf1 Rh7 42. Rf5 Ng7 43. Rxh7 Nxf5 44. Rxf7+ Kxf7 45. Kf2 Ke6 46. c3
Ke5 47. Kf3 {and White won a few moves later in mutual time pressure.} 1-0

[Event "Mechanics' Irving Chernev TNM; 30/90, SD"]
[Site "San Francisco"]
[Date "2008.08.05"]
[Round "1.16"]
[White "Cole, Tony"]
[Black "Russell, Joe"]
[Result "0-1"]
[WhiteElo "1292"]
[BlackElo "1861"]
[PlyCount "65"]
[EventDate "2008.??.??"]

1. e4 e5 2. Nf3 Nc6 3. Nc3 Nf6 4. Bc4 Bc5 5. Ng5 O-O 6. h4 d6 7. f3 a6 8. d3 b5
9. Bd5 Nxd5 10. Nxd5 Ne7 11. f4 Nxd5 12. exd5 exf4 13. Bxf4 Re8+ 14. Kd2 Qf6
15. Qf3 Qxb2 16. Rac1 Qf6 17. Ne4 Qd4 18. Rhe1 Bb7 19. Be3 Qb4+ 20. c3 Bxe3+
21. Rxe3 Qa3 22. Ng5 Qxa2+ 23. Rc2 Qxd5 24. Ne4 f5 25. Nf6+ gxf6 26. Rxe8+ Rxe8
27. Qh5 Qxg2+ 28. Kc1 Re1+ 29. Kb2 Qg6 30. Qxg6+ hxg6 31. h5 gxh5 32. Rf2 Re5
33. d4 {remainder illegible; B won in 51 moves} 0-1

[Event "Mechanics' Irving Chernev TNM; 30/90, SD"]
[Site "San Francisco"]
[Date "2008.08.05"]
[Round "1.17"]
[White "Todortsev, Victor"]
[Black "Frank, Robert"]
[Result "1-0"]
[WhiteElo "1845"]
[BlackElo "1245"]
[PlyCount "57"]
[EventDate "2008.??.??"]

1. e4 e5 2. Nf3 Nf6 3. Nc3 Nc6 4. Bc4 Bc5 5. a3 O-O 6. d3 d6 7. h3 a6 8. Bg5 b5
9. Bb3 h6 10. Bh4 Be6 11. Nd5 Bxd5 12. Bxd5 Qd7 13. Bxf6 gxf6 14. Nh4 Kh7 15.
Nf5 Rg8 16. Qh5 Rg6 17. g4 Rf8 18. Bxc6 Qxc6 19. Ne7 Bxf2+ 20. Kxf2 Qb6+ 21.
Ke2 Rg5 22. Qh4 Qc5 23. c3 d5 24. Nxd5 Qd6 25. Rhf1 f5 26. Rxf5 Rxf5 27. gxf5
f6 28. Rg1 c6 29. Rg6 1-0

[Event "Mechanics' Irving Chernev TNM; 30/90, SD"]
[Site "San Francisco"]
[Date "2008.08.05"]
[Round "1.18"]
[White "Capdeville, Barry"]
[Black "Sainz, Guadalupe"]
[Result "0-1"]
[WhiteElo "1241"]
[BlackElo "1835"]
[PlyCount "46"]
[EventDate "2008.??.??"]

1. e4 c5 2. Nf3 d6 3. d4 cxd4 4. Nxd4 Nf6 5. Nc3 a6 6. Be2 e5 7. Nb3 Be7 8. Be3
O-O 9. Qd2 Be6 10. Nc1 d5 11. exd5 Nxd5 12. Nd3 Nc6 13. Ne4 Nxe3 14. fxe3 Qb6
15. Bf3 Rad8 16. Qe2 f5 17. Nc3 e4 18. Bxe4 fxe4 19. Nf4 Qxb2 20. O-O Rxf4 21.
exf4 Qxc3 22. Qxe4 Bd5 23. Rf3 Qxa1+ 0-1

[Event "Mechanics' Irving Chernev TNM; 30/90, SD"]
[Site "San Francisco"]
[Date "2008.08.05"]
[Round "1.19"]
[White "Periwal, Prashant"]
[Black "Liu, Chang"]
[Result "1-0"]
[WhiteElo "1830"]
[BlackElo "1155"]
[PlyCount "41"]
[EventDate "2008.??.??"]

1. e4 c5 2. Nf3 e6 3. c3 Nc6 4. d4 cxd4 5. cxd4 Nf6 6. Nc3 Bb4 7. Bd3 d5 8. e5
Ne4 9. Qc2 f5 10. exf6 Qxf6 11. Bxe4 Nxd4 12. Nxd4 Qxd4 13. Bd3 Qe5+ 14. Kf1 a6
15. Qa4+ b5 16. Qxb4 Bb7 17. Bxb5+ Kd8 18. Ba4 d4 19. Qxb7 Qc7 20. Bg5+ Qe7 21.
Bxe7# 1-0

[Event "Mechanics' Irving Chernev TNM; 30/90, SD"]
[Site "San Francisco"]
[Date "2008.08.12"]
[Round "2.1"]
[White "Krasnov, Steven"]
[Black "Pearson, Michael"]
[Result "0-1"]
[WhiteElo "1950"]
[BlackElo "2276"]
[PlyCount "96"]
[EventDate "2008.??.??"]

1. Nf3 Nf6 2. c4 c6 3. d4 d5 4. e3 a6 5. Nc3 Bg4 6. Qb3 b5 7. cxd5 Bxf3 8. gxf3
Nxd5 9. a4 Nb6 10. axb5 axb5 11. Rxa8 Nxa8 12. d5 Qa5 13. dxc6 b4 14. Bc4 e6
15. Ne4 Be7 16. h4 Nc7 17. f4 Nxc6 18. h5 O-O 19. h6 g6 20. Ke2 Rd8 21. Bd2 Qa8
22. f3 Nd5 23. Qa2 Qb7 24. b3 Nf6 25. Qb2 Nd4+ 26. exd4 Nxe4 27. fxe4 Qxe4+ 28.
Kf2 Qxh1 29. d5 Qxh6 30. dxe6 f6 31. Kg2 Qh5 32. Kg3 f5 33. Bxb4 Qg4+ 34. Kh2
Qxf4+ 35. Kh3 Qh4+ 36. Kg2 Rd1 37. Bxe7 Qxe7 38. Qe5 Qg5+ 39. Kf3 Qg4+ 40. Kf2
Qg1+ 41. Kf3 Qh1+ 42. Ke3 Qe1+ 43. Be2 Qd2+ 44. Kf2 Qd4+ 45. Qxd4 Rxd4 46. Bc4
Kf8 47. Ke3 Re4+ 48. Kf3 Ke7 {W resigns} 0-1

[Event "Mechanics' Irving Chernev TNM; 30/90, SD"]
[Site "San Francisco"]
[Date "2008.08.12"]
[Round "2.2"]
[White "Lee, Andy"]
[Black "Manvelyan, Hovik"]
[Result "1-0"]
[WhiteElo "2264"]
[BlackElo "1869"]
[PlyCount "61"]
[EventDate "2008.??.??"]

1. e4 e6 2. d4 d5 3. Nc3 Bb4 4. e5 c5 5. a3 Bxc3+ 6. bxc3 Ne7 7. Nf3 Qa5 8. Bd2
Qa4 9. Bd3 b6 10. Ng5 h6 11. Qh5 g6 12. Qh3 c4 13. Be2 Qxc2 14. Rc1 Qb3 15. O-O
Qb5 16. Rb1 Qa6 17. Nf3 Bd7 18. Bg5 Ng8 19. Nd2 Qxa3 20. Bxc4 Qf8 21. Bb5 Bxb5
22. Rxb5 Nc6 23. Ra1 Rc8 24. Be3 Nge7 25. c4 f5 26. exf6 Qxf6 27. cxd5 Nxd4 28.
Rbb1 exd5 29. Bxd4 Qxd4 30. Rxa7 Qxd2 31. Qd7+ {B resigns} 1-0

[Event "Mechanics' Irving Chernev TNM; 30/90, SD"]
[Site "San Francisco"]
[Date "2008.08.12"]
[Round "2.3"]
[White "Russell, Joe"]
[Black "Thornally, Frank"]
[Result "1/2-1/2"]
[WhiteElo "1861"]
[BlackElo "2224"]
[PlyCount "64"]
[EventDate "2008.??.??"]

1. d4 Nf6 2. Nf3 g6 3. Bg5 Ne4 4. Bf4 Bg7 5. e3 O-O 6. Bd3 f5 7. c4 Nf6 8. Nc3
d6 9. Qb3 Kh8 10. Rd1 c6 11. h3 Na6 12. O-O Nc7 13. Rfe1 a6 14. a4 Rb8 15. Bh2
Be6 16. Qb6 Nd7 17. Qb4 b5 18. axb5 axb5 19. cxb5 cxb5 20. e4 fxe4 21. Bxe4 Bc4
22. Bd3 Na6 23. Qa3 b4 24. Qa1 Bxd3 25. Rxd3 Ra8 26. Na4 Nc7 27. Qd1 Nd5 28. b3
Bf6 29. Qd2 Qa5 30. Qh6 Nc3 31. Nxc3 bxc3 32. Rc1 Rfc8 {draw agreed} 1/2-1/2

[Event "Mechanics' Irving Chernev TNM; 30/90, SD"]
[Site "San Francisco"]
[Date "2008.08.12"]
[Round "2.4"]
[White "Gray, William"]
[Black "Todortsev, Victor"]
[Result "1-0"]
[WhiteElo "2043"]
[BlackElo "1845"]
[PlyCount "45"]
[EventDate "2008.??.??"]

1. e4 c5 2. Nf3 Nc6 3. Nc3 e6 4. d4 cxd4 5. Nxd4 d5 6. Bb5 Qd7 7. O-O a6 8. Ba4
Nf6 9. exd5 Nxd5 10. Nxd5 exd5 11. Re1+ Kd8 12. c4 Kc7 13. cxd5 b5 14. dxc6 Qd6
15. Bb3 Qf6 16. Be3 Bb4 17. Qc1 Bxe1 18. Qxe1 Bg4 19. Qa5+ Kd6 20. Qb4+ Kc7 21.
Qc5 h6 22. Nxb5+ Kd8 23. Qb6+ 1-0

[Event "Mechanics' Irving Chernev TNM; 30/90, SD"]
[Site "San Francisco"]
[Date "2008.08.12"]
[Round "2.5"]
[White "Sainz, Guadalupe"]
[Black "Snyder, Larry"]
[Result "1/2-1/2"]
[WhiteElo "1835"]
[BlackElo "2037"]
[PlyCount "114"]
[EventDate "2008.??.??"]

1. d4 Nf6 2. c4 g6 3. Nc3 d5 4. Bg5 Ne4 5. Bh4 Nxc3 6. bxc3 dxc4 7. e3 Be6 8.
Rb1 b6 9. Nf3 Bg7 10. Nd2 O-O 11. Qa4 c6 12. Qa3 Re8 13. Bxc4 Bxc4 14. Nxc4 Nd7
15. Nd6 Rf8 16. Qb3 h6 17. Ne4 Re8 18. f4 Qc8 19. O-O c5 20. Qd5 e6 21. Qc4 Qc6
22. dxc5 Nxc5 23. Nf6+ Bxf6 24. Bxf6 Rac8 25. Qd4 Qe4 26. Qd2 Qd3 27. Qe1 Qf5
28. Bd4 Ne4 29. a4 Red8 30. h3 Qh5 31. Rf3 f5 32. Kh2 g5 33. fxg5 hxg5 34. h4
Qxh4+ 35. Qxh4 gxh4 36. Rh3 Nxc3 37. Rb4 Nd5 38. Rb3 Rd7 39. Rxh4 Rh7 40. Kh3
Rxh4+ 41. Kxh4 Kf7 42. a5 Rg8 43. axb6 axb6 44. g3 Rb8 45. Rb5 Ke7 46. g4 fxg4
47. Kxg4 Kd7 48. e4 Kc6 49. Rb1 Nc7 50. Be5 Kb7 51. Rc1 Rg8+ 52. Kf3 Na6 53.
Rb1 Kc6 54. Rd1 Nc5 55. Rd6+ Kb5 56. Bd4 Re8 57. Be3 Re7 {draw agreed} 1/2-1/2

[Event "Mechanics' Irving Chernev TNM; 30/90, SD"]
[Site "San Francisco"]
[Date "2008.08.12"]
[Round "2.6"]
[White "Gaffagan, Steven"]
[Black "Periwal, Prashant"]
[Result "1-0"]
[WhiteElo "2022"]
[BlackElo "1830"]
[PlyCount "107"]
[EventDate "2008.??.??"]

1. e4 c5 2. Nf3 Nc6 3. d4 cxd4 4. Nxd4 e5 5. Nb5 a6 6. N5c3 Bc5 7. Be2 h6 8.
O-O Nf6 9. Bf3 d6 10. Nd5 Nxd5 11. exd5 Ne7 12. c3 O-O 13. b4 Ba7 14. a4 Bd7
15. Nd2 f5 16. Nc4 Qc7 17. Nxe5 Qxc3 18. Nxd7 Qxa1 19. Nxf8 Rxf8 20. Qe2 Qf6
21. Bb2 Qf7 22. Bh5 g6 23. Bf3 Nxd5 24. Qd2 Nf6 25. Qxh6 Qh7 26. Qxh7+ Kxh7 27.
Bxf6 Rxf6 28. Bxb7 a5 29. bxa5 Re6 30. g3 Re2 31. Kg2 Rc2 32. a6 g5 33. g4 Kg6
34. h3 Kf6 35. gxf5 Kxf5 36. Kg3 Rc4 37. a5 Ra4 38. Rd1 Rxa5 39. Bc8+ Ke4 40.
f3+ Ke3 41. Bb7 Bb8 42. Re1+ Kd4 43. Re8 Bc7 44. Kg4 Ra1 45. Kxg5 Rg1+ 46. Kf5
Rf1 47. a7 Rxf3+ 48. Kg4 Rf1 49. a8=Q Rg1+ 50. Kf5 Rc1 51. Re4+ Kc3 52. Qa3+
Kd2 53. Qe3+ Kd1 54. Qd3# 1-0

[Event "Mechanics' Irving Chernev TNM; 30/90, SD"]
[Site "San Francisco"]
[Date "2008.08.12"]
[Round "2.7"]
[White "Farzaneh-Far, Ramin"]
[Black "Goins, Demetrius"]
[Result "1-0"]
[WhiteElo "1823"]
[BlackElo "1996"]
[PlyCount "57"]
[EventDate "2008.??.??"]

1. e4 c5 2. Nf3 d6 3. d4 cxd4 4. Nxd4 Nf6 5. Nc3 a6 6. Be3 e5 7. Nb3 Be6 8. Qd2
Be7 9. O-O-O Nbd7 10. f3 O-O 11. g4 Nb6 12. g5 Nfd7 13. h4 Rc8 14. h5 Nc4 15.
Bxc4 Rxc4 16. g6 Rc8 17. h6 fxg6 18. hxg7 Kxg7 19. Qh2 Rh8 20. Bh6+ Kf7 21. f4
exf4 22. Qxf4+ Kg8 23. Nd4 Bf7 24. Rdf1 Ne5 25. Rhg1 Qb6 26. Nf5 Qd8 27. Bg7
Be6 28. Bxe5 Bxf5 29. Qxf5 {B resigned} 1-0

[Event "Mechanics' Irving Chernev TNM; 30/90, SD"]
[Site "San Francisco"]
[Date "2008.08.12"]
[Round "2.8"]
[White "Chernobilskiy, Mikhail"]
[Black "Argishti, Dante"]
[Result "0-1"]
[WhiteElo "1790"]
[BlackElo "1996"]
[PlyCount "68"]
[EventDate "2008.??.??"]

1. e4 e6 2. d4 d5 3. Nd2 c5 4. Ngf3 Nf6 5. exd5 Nxd5 6. dxc5 Bxc5 7. Bb5+ Bd7
8. Bxd7+ Nxd7 9. O-O O-O 10. Ne4 Be7 11. Qe2 Qc7 12. g3 Rac8 13. c3 h6 14. Rd1
Rfe8 15. Nd4 a6 16. Bf4 Nxf4 17. gxf4 Nc5 18. Nxc5 Bxc5 19. Qe4 e5 20. Nf5 exf4
21. Qg2 g6 22. Nxh6+ Kg7 23. Nf5+ Kf6 24. Nh6 Rh8 25. Ng4+ Kg7 26. Rd5 Rce8 27.
Rad1 Re7 28. h3 Rhe8 29. b4 Ba7 30. Kh2 f3+ 31. Qg3 Qxc3 32. Rd8 Rxd8 33. Rxd8
Bb6 34. Rg8+ Kxg8 {W resigns} 0-1

[Event "Mechanics' Irving Chernev TNM; 30/90, SD"]
[Site "San Francisco"]
[Date "2008.08.12"]
[Round "2.9"]
[White "Livschitz, Louiza"]
[Black "Persidsky, Andre"]
[Result "1-0"]
[WhiteElo "1992"]
[BlackElo "1818"]
[PlyCount "60"]
[EventDate "2008.??.??"]

1. e4 c5 2. Nf3 Nc6 3. d4 cxd4 4. Nxd4 d6 5. Nc3 Nf6 6. Be3 a6 7. f3 g6 8. Qd2
h5 9. O-O-O Bg7 10. Nxc6 bxc6 11. e5 Nd5 12. Nxd5 cxd5 13. Qxd5 Be6 14. Qc6+
Bd7 15. Qe4 Bxe5 16. Bd4 Bxd4 17. Qxd4 O-O 18. Bc4 Qc7 19. g4 Rfc8 20. Bb3 Rab8
21. Qd3 Kf8 22. Qd4 Kg8 23. Qe4 Kf8 24. Rhe1 Bc6 25. Qe3 hxg4 26. fxg4 e6 27.
Qh6+ Kg8 28. Rd3 a5 29. Rh3 f5 30. Qh8+ Kf7 {B resigns} 1-0

[Event "Mechanics' Irving Chernev TNM; 30/90, SD"]
[Site "San Francisco"]
[Date "2008.08.12"]
[Round "2.10"]
[White "Oca, Homer"]
[Black "Sandberg, Evan"]
[Result "0-1"]
[WhiteElo "1616"]
[BlackElo "1954"]
[PlyCount "82"]
[EventDate "2008.??.??"]

1. a3 e5 2. h3 d5 3. e3 c5 4. d4 exd4 5. exd4 Nf6 6. c4 dxc4 7. Bxc4 Be7 8. d5
O-O 9. Nc3 Re8 10. Nge2 a6 11. a4 Bd6 12. O-O Nbd7 13. f4 Nb6 14. Ba2 c4 15. a5
Bc5+ 16. Kh1 Nbxd5 17. Bxc4 Nxc3 18. Nxc3 Be6 19. Bxe6 Rxe6 20. Qb3 Nh5 21. Na4
Qxa5 22. Qf3 Bd4 23. f5 Re1 24. Bd2 Rxf1+ 25. Rxf1 Qxd2 26. Qxh5 Qb4 27. Qg4
Qxa4 28. f6 g6 29. Qf4 Qb5 30. Rf2 Bxf2 31. Qxf2 Qf5 32. Qb6 Re8 33. Qd6 Re1+
34. Kh2 Qe5+ 35. Qxe5 Rxe5 36. g4 Re3 37. Kg2 b5 38. b4 Rb3 39. Kh2 Rxb4 40.
Kg3 g5 41. h4 Rb3+ {W resigns} 0-1